| 000 | 00493nam a22001457a 4500 | ||
|---|---|---|---|
| 008 | 230623b |||||||| |||| 00| 0 eng d | ||
| 040 |
_aNational Science Library _cNational Science Library |
||
| 080 |
_aR 502.7 _bL5 |
||
| 245 |
_aOur magnificent wildlife: _bHow to enjoy and preserve it _c/ The Reader's Digest Association, Inc., |
||
| 260 |
_aNew York: _bThe Reader's Digest Association, Inc., _c1975 |
||
| 300 | _a352p. | ||
| 650 | _aWildlife | ||
| 653 | _aScience | ||
| 942 |
_2udc _cREF |
||
| 999 |
_c46919 _d46919 |
||